Top 15 Countries in Wine Production per Capita - Statistics

General Stats
  • This quiz has been taken 65,011 times
    29,311 since last reset
  • The average score is 9 of 15
Answer Stats
kg / person Country % Correct
54.9 France
98%
86.6 Italy
97%
77.9 Spain
95%
70.2 Portugal
88%
28.1 Greece
80%
55.7 Australia
68%
27.2 Argentina
64%
68.4 Chile
60%
50.5 New Zealand
59%
27.4 Austria
57%
26.9 Romania
46%
30.8 Hungary
39%
49.7 Moldova
25%
32.2 Georgia
20%
44.9 North Macedonia
19%
No matching quizzes found
Score Distribution
Percent of People with Each Score
Percentile by Number Answered
Your Score History
You have not taken this quiz since the last reset